000 00330nam a22001457a 4500
020 _a9780564033478
041 _aENG
082 _a220.52043
_bBIB
100 _aBritish and Foreign Bible Society.
245 _aThe Holy Bible : N R S V
260 _aU S A
_bZondervan,
_c1989
300 _a1009
650 _aBible
942 _cBK
999 _c22659
_d22659